Größte Handelspartner der USA 2023 - Statistiken

Allgemein
  • Dieses Quiz wurde 108 mal gespielt
  • Das Durchschnittsergebnis liegt bei 7 aus 10
Antwortstatistiken
Anteil der
Importe in %
Importländer % Korrekt
5,14% Deutschland
100%
14,14% China
99%
4,78% Japan
98%
13,56% Kanada
98%
15,15% Mexiko
97%
2,75% Indien
82%
3,78% Südkorea
72%
2,84% Taiwan
49%
3,75% Vietnam
33%
2,61% Irland
19%
Keine übereinstimmenden Quizze gefunden
Verteilung der Resultate
Anzahl Personen mit jedem Resultat
Perzentil nach korrekt beantworteten Fragen
Ihre Resultats-Entwicklung
Sie haben dieses Quiz noch nicht gespielt